|
|
|
|
| LEADER |
00887nam a2200265 a 4500 |
| 001 |
7816 |
| 003 |
BD-DhAAL |
| 005 |
20150707193817.0 |
| 008 |
150707s1994 nyu 000 1 eng |
| 010 |
|
|
|a 93040093
|
| 020 |
|
|
|a 0553407279
|
| 020 |
|
|
|a 0449908801
|
| 040 |
|
|
|a DLC
|c DLC
|d DLC
|d OCoLC
|d DLC
|d BD-DhAAL
|
| 050 |
0 |
0 |
|a PR6052.E223
|b L68 1994
|
| 082 |
0 |
0 |
|a 823/.914
|2 20
|
| 100 |
1 |
|
|a Beauman, Sally.
|9 12928
|
| 245 |
1 |
0 |
|a Lovers and liars /
|c Sally Beauman.
|
| 250 |
|
|
|a 1st ed.
|
| 260 |
|
|
|a New York :
|b Fawcett Columbine,
|c 1994.
|
| 300 |
|
|
|a 731 p. ;
|c 18 cm.
|
| 650 |
|
0 |
|a Investigative reporting
|x Fiction.
|9 12929
|
| 655 |
|
7 |
|a Romantic suspense novels.
|2 gsafd
|9 12808
|
| 942 |
|
|
|2 ddc
|c BK
|
| 999 |
|
|
|c 34968
|d 34968
|
| 952 |
|
|
|0 0
|1 0
|2 ddc
|4 0
|6 823_914000000000000_BEA
|7 0
|9 54827
|a SCL
|b SCL
|c GEN
|d 2015-07-07
|e Gift
|l 7
|m 26
|o 823.914 BEA
|p 3020007816
|r 2019-07-11
|s 2019-07-02
|t 1
|w 2015-07-07
|y BK
|